| 000 | 00541nam a2200229Ia 4500 | ||
|---|---|---|---|
| 003 | OSt | ||
| 005 | 20230406112644.0 | ||
| 008 | 210423s2003 xx 000 0 und d | ||
| 020 | _a81265130623 | ||
| 040 | _cAL | ||
| 041 | _aeng | ||
| 082 |
_a330 SMIA _223 |
||
| 100 |
_aSMITH (Adam) _984257 |
||
| 245 | _aWealth of nations | ||
| 260 |
_aNew York _bBantam dell _c2003 |
||
| 300 |
_axxv1231 _bPB |
||
| 365 |
_b335 _cINR |
||
| 650 |
_aEconomics _984258 |
||
| 650 |
_aEconomics _984258 |
||
| 906 | _anations ; Wealth | ||
| 942 |
_2ddc _cBK |
||
| 999 |
_c158843 _d158843 |
||